[Event "Regionalliga SO 0506"]
[Site "Bayern"]
[Date "2006.01.29"]
[Round "6.6"]
[White "Baumer, Christian"]
[Black "Froehlich, Herbert"]
[Result "0-1"]
[WhiteElo "1793"]
[BlackElo "1902"]
[PlyCount "100"]
[EventDate "2005.10.23"]
[EventType "team-tourn"]
[EventRounds "9"]
[EventCountry "GER"]
[SourceTitle "EXT 2007"]
[Source "ChessBase"]
[SourceDate "2006.11.23"]
[SourceVersion "1"]
[SourceVersionDate "2006.11.23"]
[SourceQuality "1"]
[WhiteTeam "Dorfen PSV"]
[BlackTeam "Weilheim"]
[WhiteTeamCountry "GER"]
[BlackTeamCountry "GER"]

1. d4 d6 2. Nf3 Bg4 3. g3 Nd7 4. Bg2 c6 5. h3 Bh5 6. g4 Bg6 7. Nh4 e5 8. Nxg6 hxg6 9. Nd2 f5 10. dxe5 fxg4 11. exd6 Bxd6 12. Ne4 Be5 13. Nd6+ Ke7 14. Bg5+ Ngf6 15. Nc4 g3 16. f4 Bc7 17. Qd3 Kf7 18. Qxg3 Qe7 19. Qb3 Nc5 20. Ne5+ Ke8 21. Qc3 Rh5 22. Nxg6 Qe6 23. Qxc5 Nd7 24. Qe7+ Qxe7 25. Nxe7 Rxg5 26. fxg5 Kxe7 27. h4 Bg3+ 28. Kd2 Ne5 29. e3 Nc4+ 30. Ke2 Nxb2 31. Rab1 Be5 32. h5 a5 33. Kf3 Rf8+ 34. Ke4 Kd6 35. Rhf1 Re8 36. Kf5 Rf8+ 37. Kg6 Re8 38. Rf7 Re6+ 39. Kf5 Re8 40. Rxb7 Nc4 41. e4 Ne3+ 42. Kg6 Nxg2 43. Rd1+ Ke6 44. h6 Nf4+ 45. Kh7 g6 46. Rg7 c5 47. Rb1 Bc3 48. Rbb7 Kd6 49. Rbd7+ Kc6 50. Rge7 Rh8# 0-1

[Event "Regionalliga SO 0506"]
[Site "Bayern"]
[Date "2005.12.11"]
[Round "4.6"]
[White "Baumer, Christian"]
[Black "Soergel, Thomas"]
[Result "0-1"]
[WhiteElo "1793"]
[BlackElo "2029"]
[PlyCount "82"]
[EventDate "2005.10.23"]
[EventType "team-tourn"]
[EventRounds "9"]
[EventCountry "GER"]
[SourceTitle "EXT 2007"]
[Source "ChessBase"]
[SourceDate "2006.11.23"]
[SourceVersion "1"]
[SourceVersionDate "2006.11.23"]
[SourceQuality "1"]
[WhiteTeam "Dorfen PSV"]
[BlackTeam "Graefelfing SK"]
[WhiteTeamCountry "GER"]
[BlackTeamCountry "GER"]

1. d4 d5 2. c4 e6 3. Nc3 Nf6 4. Bg5 Be7 5. e3 0-0 6. Nf3 h6 7. Bh4 Nbd7 8. Bd3 dxc4 9. Bxc4 c5 10. 0-0 cxd4 11. exd4 Nb6 12. Bb3 Nfd5 13. Bg3 Nxc3 14. bxc3 Nd7 15. c4 b6 16. Rc1 Bb7 17. Re1 Rc8 18. Bc2 Re8 19. Qd3 Nf8 20. Ne5 Bf6 21. Ba4 Bxe5 22. Bxe5 Bc6 23. Bc2 Qg5 24. Bg3 Red8 25. Rcd1 f5 26. f4 Qf6 27. Qe3 Bb7 28. Bb3 Be4 29. Qf2 Ng6 30. h4 h5 31. Re2 Ne7 32. Red2 Kh7 33. Qe2 Qg6 34. Kh2 Ng8 35. d5 exd5 36. cxd5 Rc3 37. Be1 Nh6 38. Rd4 Re3 39. Qf2 Ng4+ 40. Kg1 Nxf2 41. Kxf2 Qg3+ 0-1

[Event "Regionalliga SO 0506"]
[Site "Bayern"]
[Date "2005.11.27"]
[Round "3.6"]
[White "Baumer, Christian"]
[Black "Huber, Edwin"]
[Result "0-1"]
[WhiteElo "1793"]
[BlackElo "2000"]
[PlyCount "78"]
[EventDate "2005.10.23"]
[EventType "team-tourn"]
[EventRounds "9"]
[EventCountry "GER"]
[SourceTitle "EXT 2007"]
[Source "ChessBase"]
[SourceDate "2006.11.23"]
[SourceVersion "1"]
[SourceVersionDate "2006.11.23"]
[SourceQuality "1"]
[WhiteTeam "Dorfen PSV"]
[BlackTeam "Ilmmuenster"]
[WhiteTeamCountry "GER"]
[BlackTeamCountry "GER"]

1. d4 c5 2. d5 Nf6 3. Nc3 d6 4. e4 Qa5 5. Bd2 a6 6. Bd3 g6 7. Nf3 Bg7 8. 0-0 0-0 9. Re1 Bg4 10. h3 Bxf3 11. Qxf3 Nbd7 12. Qd1 Qc7 13. a4 e6 14. dxe6 fxe6 15. Bc4 Rfe8 16. f4 Nb6 17. Be2 d5 18. e5 Nfd7 19. b3 Nc8 20. Bg4 Na7 21. Ne2 b5 22. c3 Bf8 23. Qc2 Nb6 24. h4 Qf7 25. Bf3 bxa4 26. bxa4 Nc4 27. Reb1 Rab8 28. Bc1 Qd7 29. Rb3 Rxb3 30. Qxb3 Nc6 31. Rb1 Rb8 32. Qc2 Rxb1 33. Qxb1 N6a5 34. g3 Qxa4 35. Qb8 Qb5 36. Qc8 Qc6 37. Qd8 Nb7 38. Qf6 Qd7 39. h5 Be7 0-1

[Event "Regionalliga SO 0405"]
[Site "Bayern"]
[Date "2004.11.14"]
[Round "2.5"]
[White "Baumer, Christian"]
[Black "Rusche, Johannes"]
[Result "1/2-1/2"]
[WhiteElo "1829"]
[BlackElo "1903"]
[PlyCount "66"]
[EventDate "2004.10.24"]
[EventType "team-tourn"]
[EventRounds "9"]
[EventCountry "GER"]
[SourceTitle "EXT 2007"]
[Source "ChessBase"]
[SourceDate "2006.11.23"]
[SourceVersion "1"]
[SourceVersionDate "2006.11.23"]
[SourceQuality "1"]
[WhiteTeam "Dorfen PSV"]
[BlackTeam "Vogtareuth"]
[WhiteTeamCountry "GER"]
[BlackTeamCountry "GER"]

1. d4 d5 2. c4 c6 3. Nc3 Nf6 4. Nf3 Bf5 5. e3 e6 6. Bd3 Bxd3 7. Qxd3 Nbd7 8. cxd5 exd5 9. 0-0 Bd6 10. b3 0-0 11. Bb2 Re8 12. Rac1 a6 13. Ne2 Ne4 14. Ng3 Ndf6 15. Nd2 Qc7 16. Ndxe4 Nxe4 17. f4 Qd7 18. Nxe4 Rxe4 19. Rc2 Rae8 20. Bc1 Qf5 21. Qc3 h5 22. Rcf2 Qd7 23. Rf3 b6 24. Rh3 g6 25. b4 f5 26. a3 Ra8 27. Bb2 Kh7 28. Rc1 Rc8 29. Qd3 Qb7 30. Rd1 a5 31. Bc3 axb4 32. axb4 Ree8 33. Qd2 c5 1/2-1/2

[Event "Regionalliga SO 0405"]
[Site "Bayern"]
[Date "2004.10.24"]
[Round "1.5"]
[White "Baumer, Christian"]
[Black "Bielmeier, Ludwig"]
[Result "0-1"]
[WhiteElo "1829"]
[BlackElo "1954"]
[PlyCount "110"]
[EventDate "2004.10.24"]
[EventType "team-tourn"]
[EventRounds "9"]
[EventCountry "GER"]
[SourceTitle "EXT 2007"]
[Source "ChessBase"]
[SourceDate "2006.11.23"]
[SourceVersion "1"]
[SourceVersionDate "2006.11.23"]
[SourceQuality "1"]
[WhiteTeam "Dorfen PSV"]
[BlackTeam "Bayerwald"]
[WhiteTeamCountry "GER"]
[BlackTeamCountry "GER"]

1. d4 Nf6 2. c4 d6 3. Nc3 c6 4. g3 Nbd7 5. Bg2 e5 6. d5 cxd5 7. cxd5 Be7 8. e4 0-0 9. Nf3 b5 10. b4 a5 11. Qb3 axb4 12. Qxb4 Qa5 13. Qxa5 Rxa5 14. Rb1 Nc5 15. 0-0 Bd7 16. Nd2 Nd3 17. Nb3 Raa8 18. Rd1 Nxc1 19. Nxc1 Rfb8 20. Nd3 Ra3 21. Rb3 Rxb3 22. axb3 Rc8 23. Na2 Bd8 24. Rc1 Ra8 25. Nab4 Bb6 26. h3 g6 27. Kh2 Ra3 28. Rb1 Ne8 29. f4 f6 30. Bf1 Kf7 31. fxe5 fxe5 32. g4 Nf6 33. Bg2 h6 34. Kg3 g5 35. Kh2 Kg7 36. Kg3 Be8 37. Bf3 Bg6 38. Nf2 Bxf2+ 39. Kxf2 Nxe4+ 40. Bxe4 Bxe4 41. Rb2 Bg6 42. Na2 Bf7 43. Nb4 Ra1 44. Rd2 Rc1 45. Rd3 Bg6 46. Re3 Rd1 47. Rc3 Rd4 48. Nc6 Rxd5 49. b4 Rd2+ 50. Ke1 Rd3 51. Rc2 Rxh3 52. Rf2 Rh1+ 53. Ke2 Rb1 54. Kf3 Rb3+ 55. Ke2 Rb2+ 0-1

[Event "Regionalliga SO 0203"]
[Site "Bayern"]
[Date "2003.01.26"]
[Round "5.8"]
[White "Baumer, Christian"]
[Black "Kuehlwein, Ralf"]
[Result "1-0"]
[WhiteElo "1873"]
[BlackElo "1501"]
[PlyCount "91"]
[EventDate "2002.10.20"]
[EventType "team"]
[EventRounds "9"]
[EventCountry "GER"]
[SourceTitle "EXT 2004"]
[Source "ChessBase"]
[SourceDate "2003.11.25"]
[SourceVersion "1"]
[SourceVersionDate "2003.11.25"]
[SourceQuality "1"]
[WhiteTeam "Dorfen"]
[BlackTeam "Freyung"]
[WhiteTeamCountry "GER"]
[BlackTeamCountry "GER"]

1. c4 e5 2. Nc3 Nc6 3. g3 b6 4. Bg2 Rb8 5. Nf3 Nf6 6. 0-0 Bb7 7. a3 g6 8. b4 Bg7 9. Bb2 0-0 10. b5 e4 11. Nh4 Na5 12. d3 Re8 13. f3 exd3 14. Qxd3 d6 15. Rae1 Nd7 16. f4 Bxg2 17. Kxg2 Nc5 18. Qd5 Qd7 19. f5 Re5 20. Qf3 g5 21. f6 Nxc4 22. Bc1 gxh4 23. fxg7 hxg3 24. hxg3 Rbe8 25. Nd5 Ne4 26. Qxe4 Rxe4 27. Nf6+ Kxg7 28. Nxd7 Ne3+ 29. Bxe3 Rxe3 30. Nf6 Rxe2+ 31. Rxe2 Rxe2+ 32. Kh3 Rb2 33. Ne8+ Kf8 34. Nxc7 Rb3 35. Ra1 Kg7 36. Ne8+ Kg6 37. Nxd6 h6 38. a4 f5 39. Kg2 Rb2+ 40. Kf3 Rb3+ 41. Kf4 Rb4+ 42. Ke5 Rg4 43. Nxf5 Kg5 44. Nd6 h5 45. Ne4+ Kg6 46. Rc1 1-0

[Event "Regionalliga SO 0203"]
[Site "Bayern"]
[Date "2003.01.12"]
[Round "4.8"]
[White "Mroz, Thomas"]
[Black "Baumer, Christian"]
[Result "1-0"]
[WhiteElo "1932"]
[BlackElo "1851"]
[PlyCount "115"]
[EventDate "2002.10.20"]
[EventType "team"]
[EventRounds "9"]
[EventCountry "GER"]
[SourceTitle "EXT 2004"]
[Source "ChessBase"]
[SourceDate "2003.11.25"]
[SourceVersion "1"]
[SourceVersionDate "2003.11.25"]
[SourceQuality "1"]
[WhiteTeam "Freilassing"]
[BlackTeam "Dorfen"]
[WhiteTeamCountry "GER"]
[BlackTeamCountry "GER"]

1. d4 e6 2. Nf3 Nf6 3. Bf4 c5 4. e3 Qb6 5. Qc1 Nc6 6. c3 d5 7. Be2 Bd7 8. 0-0 cxd4 9. exd4 Rc8 10. Nbd2 Be7 11. Nb3 0-0 12. Re1 Ne4 13. Bd3 Nf6 14. Qd2 Na5 15. Nxa5 Qxa5 16. Bg5 Bb5 17. Bb1 Qc7 18. Ne5 Ne8 19. Qc2 f5 20. Nf3 Qd8 21. Qd2 Bd7 22. Bxe7 Qxe7 23. Qg5 Qxg5 24. Nxg5 Nd6 25. Bd3 Ne4 26. Nh3 Rce8 27. f3 Nd6 28. Nf2 Re7 29. Re2 Rfe8 30. Rae1 Kf7 31. Bb1 Kf8 32. g3 Nf7 33. Nd3 Bb5 34. Re3 b6 35. Ne5 Nxe5 36. Rxe5 g6 37. Kf2 Kf7 38. Bc2 Rc8 39. g4 fxg4 40. fxg4 Rf8 41. Kg3 Bd7 42. Bb3 Ree8 43. h4 Kg7 44. R5e3 Rc8 45. R1e2 Rf1 46. Rf2 Rf8 47. Rxf8 Rxf8 48. Rf3 Rc8 49. Kf4 Kf6 50. g5+ Ke7 51. Ke5 Bb5 52. Rf6 Bd7 53. h5 Rf8 54. Rxf8 Kxf8 55. hxg6 hxg6 56. Kf6 Kg8 57. Bc2 Bb5 58. Bxg6 1-0